000 00915nam a2200265 i 4500
003 DO-SdBNP
005 20250519111302.0
007 ta
008 250519b1998 dr ||||| |||| 00| 0 spa d
040 _aDO-SdBNP
_bspa
_cBNPHU
_erda
082 4 _axxx
_bxxx
_222
100 _aTshimanga Muanza, Hipólito,
_eautor
_4aut.
_987814
245 1 0 _aTu amigo está enfermo :
_bministerio de consolidación /
_cHipólito Tshimanga Muanza ; prólogo Ramón De la Rosa y Carpio
250 _aTercera edición
264 4 _bEdiciones MSC,
_c©1998.
300 _a62 páginas ;
_c22 cm.
336 _atexto
_btxt
_2rdacontent
337 _asin mediación
_bn
_2rdamedia
338 _avolumen
_bnc
_2rdacarrier
500 _aLo que se debe saber para el ministerio ce los enfermos
590 _aInventariado, 2025/BT
700 1 _aDe la Rosa y Carpio, Ramón,
_eprologuista
_4pr.
_987815
910 _aBtavárez
942 _2ddc
_cLBS1
999 _c59048
_d59048